000 00644nam a22002051a 4500
005 20110718133042.0
008 091005s1975 001 0 eng d
020 _a9966480439 :
_c0.00
040 _aNEGST Library - Kenya
050 4 _aBS 325.L9 1975
082 0 _aBS 325.L9 1975
245 0 0 _aIbibulia: eyilimwo.
260 _aNairobi :
_bBible Society of Kenya,
_c1975.
300 _a1008 p.
500 _a[Africana] Includes maps.
600 1 0 _aBible.
600 1 0 _aLuyia (African language) - Bible.
852 _926.50
852 _940.00
999 _c39664
_d39664